00473nam a2200169Ia 4500003000900000008004100009020001800050040001600068080002100084245005600105260003300161300001400194650001400208650004100222650001700263700002300280IN-BaIIA211028s9999 xx 000 0 eng d a0-08-015870-6 cIIA Library a047.1:52bVIA-14 0aVistas in astronomybvol. 14cedited by Arthur Beer aOxfordbPergamon Pressc1972 avii,304p. aAstronomy aAstronomy and Astrophysics Thesaurus aAstrophysics aBeer, Arthur., ed.